| 000 | 00397nam a22001697a 4500 | ||
|---|---|---|---|
| 003 | SGT | ||
| 020 | _a9788123909110 | ||
| 082 |
_a616 _bS05W |
||
| 100 | _aWARNER,E.C,ed. | ||
| 245 | _aSAVILL'S SYSTEM OF CLINICAL MEDICINE | ||
| 250 | _a14TH | ||
| 260 |
_aNEW DELHI _bCBS.PUB. _c2005 |
||
| 300 | _a1496 | ||
| 650 | _aMEDICINE | ||
| 653 | _aSAVILL'S, SYSTEM, CLINICAL, MEDICINE | ||
| 942 |
_2ddc _cBK |
||
| 999 |
_c34763 _d34763 |
||